NHL 2015 (EA sports) - Player rating - Statistics

General Stats
  • This quiz has been taken 28 times
  • The average score is 24 of 40
Answer Stats
Rating Position Players Division % Correct
97 C Sidney Crosby East
100%
93 LW Alex Ovechkin East
94%
90 RW Patrick Kane West
94%
91 C Jonathan Toews West
89%
93 D Shea Weber West
89%
90 G Carey Price East
83%
90 RW Corey Perry West
83%
92 D Drew Doughty West
83%
91 D Erik Karlsson East
83%
95 C Evgeny Malkin East
83%
91 C John Tavares East
83%
90 C Patrice Bergeron East
83%
90 D P.K. Subban East
83%
91 G Henrik Lundqvist East
78%
91 C Anze Kopitar West
72%
93 C Ryan Getzlaf West
72%
94 C Steven Stamkos East
72%
91 G Tuukka Rask East
72%
90 G Jonathan Quick West
67%
88 D Kris Letang East
67%
90 C Nicklas Backstrom East
67%
92 RW Claude Giroux East
61%
92 D Duncan Keith West
61%
87 G Pekka Rinne West
56%
89 D Zdeno Chara East
56%
90 C Henrik Zetterberg East
50%
87 G Roberto Luongo West
50%
91 D Ryan Suter West
50%
88 D Victor Hedman East
50%
86 G Ben Bishop East
44%
88 D Brent Seabrook West
44%
91 D Alex Pietrangelo West
33%
89 D Ryan Mcdonagh East
33%
88 G Sergei Bobrovsky East
33%
87 G Semyon Varlamov East
22%
88 D Marc-Edouard Vlasic West
11%
86 G Kari Lethonen West
6%
89 D Oliver Ekman-Larsson West
6%
87 D Dan Hamhuis West
0%
90 C Pavel Dastyuk East
0%
No matching quizzes found
Score Distribution
Percent of People with Each Score
Percentile by Number Answered
Your Score History
You have not taken this quiz